30 villes de France - Statistiques

Statistiques générales
  • Ce quiz a été pris 241 fois
  • Le résultat moyen est 16 sur 30
Statistiques - réponses
Hint Réponse % Correct
23 paris
100%
15 lyon
86%
14 lille
81%
6 bordeaux
79%
29 toulouse
78%
21 nice
77%
28 strasbourg
77%
20 nantes
71%
26 rennes
68%
7 brest
66%
19 nancy
58%
4 angers
57%
11 dijon
56%
12 grenoble
56%
17 metz
56%
25 reims
56%
8 caen
50%
10 clermont
50%
22 orleans
49%
27 st etienne
49%
30 tours
45%
3 amiens
42%
24 perpignan
42%
16 marseilles
37%
9 cannes
31%
2 ajaccio
30%
13 le mans
30%
1 aix
26%
5 avignon
25%
18 montpelier
24%
Aucun quiz correspondant
Distribution des résultats
% des personnes avec chaque résultat
Percentile par nombre de réponses
Votre historique - résultats
Vous n’avez pas pris ce quiz